La storia del clima: variazioni climatiche e rapporto clima-uomo in eta postglaciale
Na minha lista:
| Autor principal: | |
|---|---|
| Formato: | Livro |
| Idioma: | Língua italiana |
| Publicado em: |
Roma
Societa Geografica Italiana
1984
|
| coleção: | Memorie della Societa Geografica Italiana, 36
|
| Assuntos: | |
| Tags: |
Adicionar Tag
Sem tags, seja o primeiro a adicionar uma tag!
|
MARC
| LEADER | 00000nam a2200000 a 4500 | ||
|---|---|---|---|
| 001 | UCU2634 | ||
| 003 | CL-VaPUC | ||
| 008 | 960426e19840000IT |||||||||||||||||ita|d | ||
| 082 | 0 | 4 | |a 551.609 |b PIN |2 21 |
| 100 | 0 | |a Pinna, Mario C. C |e author |9 358952 | |
| 245 | 1 | 3 | |a La storia del clima: variazioni climatiche e rapporto clima-uomo in eta postglaciale |
| 300 | |a 264 p | ||
| 942 | |c BK | ||
| 945 | |d 19960426 00:00:00 |a paguirre | ||
| 260 | |a Roma |b Societa Geografica Italiana |c 1984 | ||
| 650 | 0 | |a Clima |9 265281 | |
| 650 | 0 | |a Datos climáticos |9 358953 | |
| 650 | 0 | |a Climatología |9 262302 | |
| 650 | 0 | |a Historia |9 255047 | |
| 583 | |a last modification |c 19960426 00:00:00 |k Rodrigo Vera | ||
| 490 | 0 | |a Memorie della Societa Geografica Italiana, 36 | |
| 999 | |c 246877 |d 246875 | ||
| 952 | |0 0 |1 0 |4 0 |6 551_609000000000000_PIN_1984 |7 0 |8 A |9 262221 |a BIBING |b BIBING |d 2019-11-19 |i 2018586 |o 551.609 PIN 1984 |p 2018586 |r 2025-01-20 |w 2019-11-19 |y BK |k GEO | ||